000 01091nac a22003011i 4500
003 EG-ScBUE
005 20230507090344.0
008 230507t1990 enka f b 001 0 eng d
020 _a1851490922
040 _aEG-ScBUE
_beng
_erda
_cEG-ScBUE
_dEG-ScBUE
082 0 4 _a746.7
_bFAR
_222
100 1 _aFaraday, Cornelia Bate,
_eauthor.
245 1 0 _aEuropean and American carpets and rugs :
_ba history of the hand-woven decorative floor coverings of Spain, France, Great Britain ... /
_cCornelia Bateman Faraday.
264 1 _aWoodbridge, Suffolk, England :
_bAntique Collectors' Club,
_c[1990]
264 4 _cc1990
300 _a484 pages :
_billustrations (some color) ;
_c28 cm
336 _2rdacontent
_atext
_btxt
337 _2rdamedia
_aunmediated
_bn
338 _2rdacarrier
_avolume
_bnc
504 _aIncludes bibliographical references and index.
650 7 _aCarpets
_zEurope.
_2BUEsh
650 7 _aRugs
_zEurope.
_2BUEsh
650 7 _aCarpets
_zUnited States.
_2BUEsh
650 7 _aRugs
_zUnited States.
_2BUEsh
653 _bART
655 _vReading book
942 _cBB
_2ddc
999 _c9343
_d9343